|
|
|
|
| LEADER |
00000nem a22000004a 4500 |
| 001 |
AR-BbUGT1117 |
| 003 |
AR-BbUGT |
| 005 |
20190218095817.0 |
| 007 |
ad |a||| |
| 008 |
061101t1986 ||||||||| e | ||| d |
| 999 |
|
|
|c 8965
|d 8965
|
| 020 |
|
|
|a 84-206-6205-4
|
| 040 |
|
|
|a AR-BbUGT
|b spa
|c AR-BbUGT
|
| 082 |
0 |
4 |
|a 912.5514
|
| 245 |
0 |
0 |
|a Atlas de geomorfología /
|c coordinadores Eduardo Martínez de Pisón y Blanca Tello.
|
| 260 |
|
|
|a Madrid :
|b Alianza,
|c 1986.
|
| 300 |
|
|
|a 365 p. :
|b il. , fot., gráficos, mapas ;
|c 20 cm
|
| 653 |
|
|
|a Geomorfología de España
|
| 700 |
1 |
|
|a Martínez De Pisón, Eduardo.
|
| 700 |
1 |
|
|a Tello, Blanca.
|
| 942 |
|
|
|c MP
|h 912.5514
|i AT65
|2 ddc
|6 912_551400000000000_AT65
|